Responses for Show #58 - Wednesday, November 28, 1984

Contestants

[<< previous game]

Don Clark, a Spanish instructor from Ventura, California

Alice Strauss, a chemical engineer from Wilmington, California

Mark Loundy, a photojournalist from Diamond Bar, California (whose 1-day cash winnings total $7,599)

[next game >>]

Jeopardy! Round responses

DEMOCRATS
BROADWAY MUSICALS
STARTS WITH "C"
COLORFUL GEOGRAPHY
GAY BLADES
TRIVIA
(Alex: There are a couple of categories there that we haven't seen before, and they should prove to be quite interesting for our players.)
    $100 11
L.B.J.

Mark
    $100 21
(Don: No idea.)

Greenland

MarkDon
    $100 6
(Alex: Yes, the mark of Zorro.)

a Z

Mark
    $100 1
a log

Mark
    $200 12
Edmund Brown, Jr.

Don
    $200 14
(Mark: Who is...)

Julie Andrews

MarkAlice
    $200 18
Yellowstone

Mark
    $200 7
the guillotine

Mark
    $200 2
no middle initial

Alice
    $300 13
Lee Iacocca

Don
    $300 15
Pearl Bailey

Triple Stumper
    $300 19
the Red Sea

Don
    $300 8
Excalibur

Mark
    $300 3
a gantry

Mark
    $400 20
Gary Hart

Don
    $400 16
(Alex: ...Fred and Adele.)

the Astaires

Alice
    $400 24
[The end-of-round signal sounds.]

the Black Forest

Don
    $400 9
a straight razor

Mark
    $350 4
(Mark: [*]?)
(Alex: Could you phrase it in...)
(Mark: What is [*]?)
...
(Alex: You're shaking your head because you've never heard that about South Dakota.)
(Mark: Pure guess.)
(Alex: Pure guess? It doesn't matter. If it's right, it's right and you earn some money.)

the Sunshine State

Mark
    $500 23
Edmund Muskie

Mark
    $500 17
South Pacific

Alice
    $500 22
the Blue Ridge Mountains

Mark
    $500 10
(Mark: [No response])

Blade Runner

Mark
Triple Stumper
    $500 5
(Mark: What is a fraternity?)
(Don: What is an honor society?)

a sorority

MarkDon
Triple Stumper

Scores at the first commercial break (after clue 7):

Mark Alice Don
$550 $200 -$500

Scores at the end of the Jeopardy! Round:

Mark Alice Don
$1,950 $1,300 $1,000

Double Jeopardy! Round responses

ANCIENT GREECE
TRAINS
SCIENCE
U.S. HISTORY
RADIO HEROES
SPIDERS
(Alex: Something we can all... feel warm about.)
    $200 16
cosmos

Triple Stumper
    $200 4
32

Mark
    $200 11
the Confederate flag

Mark
    $200 20
The Shadow

Mark
    $400 10
the Maze (or the Labyrinth)

Don
    $400 5
a lie detector

Mark
    $400 1
(Don: [No response])

the Statue of Liberty

AliceDon
    $400 21
Kato

Alice
    $400 9
eight

Alice
    $600 13
Athens

Alice
    $600 6
ballistics

Mark
    $600 2
Hawaii

Alice
    $600 22
Sky King

Mark
    $600 17
silk

Mark
    $800 14
lyric poetry

Alice
    $1,000 26
(Alice: What is the Night Hawk?)
...
[The end-of-round signal sounds.]

the Midnight Special

Alice
    $800 7
glue

Alice
    $800 3
Sutter

Mark
    $1,000 24
Bud Collyer

Mark
    $800 18
daddy longlegs

Alice
    $1000 15
(Mark: Who was Socrates?)
(Don: Who was Plato?)

Aristotle

MarkDon
Triple Stumper
    $1000 25
(Mark: What is New York City?)

Boston

MarkAlice
    $1000 8
(Alex: Famous metalsmith in American history. [*].)

Paul Revere

Triple Stumper
    $1000 12
Maine

Alice
    $1000 23
Sergeant Preston of the Yukon

Mark
    $1000 19
(Mark: ...ready for that one.)

arachnid

Mark

Scores at the end of the Double Jeopardy! Round:

Mark Alice Don
$6,550 $7,100 $0

[wagering suggestions for these scores]

Final Jeopardy! Round responses

TRAVEL & TOURISM
MarkWhat is St. Louis
$6,500
AliceWhat is Washington DC?
$7,000
St. Louis

Final scores:

Mark Alice Don
$13,050 $100 $0
2-day champion: $20,649 2nd place: a telephone and a recliner 3rd place: wall coverings

Game dynamics:

Coryat scores:

Mark Alice Don
$6,400 $8,100 $0
23 R
(including 2 DDs),
5 W
14 R,
1 W
(including 1 DD)
6 R,
4 W

Combined Coryat: $14,500

[game clues] [game scores] [suggest correction]

Game tape date: 1984-09-12
The J! Archive is created by fans, for fans. Scraping, republication, monetization, and malicious use prohibited; this site may use cookies and collect identifying information. See terms. The Jeopardy! game show and all elements thereof, including but not limited to copyright and trademark thereto, are the property of Jeopardy Productions, Inc. and are protected under law. This website is not affiliated with, sponsored by, or operated by Jeopardy Productions, Inc. Join the discussion at JBoard.tv.